Electoral College Votes by State - Statistics

General Stats
  • This quiz has been taken 163 times
  • The average score is 21 of 50
Answer Stats
EC Votes State % Correct
55 California
100%
38 Texas
99%
29 Florida
96%
29 New York
94%
20 Illinois
88%
20 Pennsylvania
86%
18 Ohio
84%
16 Georgia
78%
16 Michigan
75%
15 North Carolina
71%
14 New Jersey
65%
11 Arizona
58%
12 Washington
54%
13 Virginia
50%
3 Wyoming
44%
11 Massachusetts
42%
11 Indiana
41%
3 Alaska
37%
10 Maryland
37%
10 Minnesota
37%
10 Wisconsin
37%
3 North Dakota
36%
3 South Dakota
36%
11 Tennessee
36%
3 Vermont
35%
4 Hawaii
34%
9 Alabama
33%
3 Delaware
32%
10 Missouri
32%
9 Colorado
31%
3 Montana
29%
4 Idaho
28%
6 Nevada
27%
4 New Hampshire
27%
7 Oregon
27%
4 Rhode Island
27%
9 South Carolina
27%
6 Arkansas
26%
4 Maine
25%
8 Kentucky
23%
7 Connecticut
22%
8 Louisiana
22%
6 Mississippi
22%
6 Utah
22%
5 Nebraska
21%
6 Iowa
20%
5 West Virginia
20%
5 New Mexico
19%
6 Kansas
18%
7 Oklahoma
17%
No matching quizzes found
Score Distribution
Percent of People with Each Score
Percentile by Number Answered
Your Score History
You have not taken this quiz